000 00519nam a2200169 i 4500
001 21935
003 ES-MaACL
005 20230906152556.0
007 t|
008 021128s1915 it ||||1| ita d
100 1 _aAlessandri, Paolo Emilio.
_919748
245 1 0 _aDroghe e piante medicinali
_b: (materia medica vegetale e animale) /
_cP. E. Alessandri.
250 _a2ยช ed.
260 _aMilano :
_bUlrico Hoepli,
_c1915 (
_fUmberto Allegretti)
300 _aXV,778 p. :
_bil. ;
_c15 cm.
852 _aES-MaACL
_jF-4555
999 _c21935
_d21935